[Event "Clichy"]
[Site "Clichy"]
[Date "1993.??.??"]
[Round "5"]
[White "Santo Roman, Marc"]
[Black "Lamoureux, Charles"]
[Result "1-0"]
[WhiteElo "2410"]
[BlackElo "2345"]

1.e4 e6 2.d4 d5 3.Nc3 Bb4 4.e5 Ne7 5.a3 Bxc3+ 6.bxc3 c5 7.Qg4 Qc7 8.Bd3 Nbc6
9.Qxg7 Rg8 10.Qxh7 Bd7 11.Nf3 cxd4 12.cxd4 Nxd4 13.Bb2 Qa5+ 14.Nd2 Qb6 15.Rb1 Rxg2
16.Kf1 Rxf2+ 17.Kxf2 Ndf5+ 18.Ke2 O-O-O 19.Qh3 Rg8 20.Qf3 Nh4 21.Qxf7 Rg2+
22.Kd1 Nef5 23.Bc3 Qf2 24.Qf8+ Kc7 25.Ba5+ b6 26.Qa8 Rg1+ 27.Rxg1 Qxg1+ 28.Nf1 Qg4+
29.Kc1 Qf4+ 30.Nd2  1-0

[Event "Copenhagen op15"]
[Site "Copenhagen"]
[Date "1993.??.??"]
[Round "8"]
[White "Sylvan, Jacob"]
[Black "Krogh, Carsten"]
[Result "1-0"]
[WhiteElo "2100"]
[BlackElo "2330"]

1.e4 e6 2.d4 d5 3.Nc3 Bb4 4.e5 Qd7 5.Bd2 b6 6.f4 Nh6 7.Nf3 Nf5 8.Bd3 Ba6
9.Bxa6 Nxa6 10.Qe2 Nb8 11.g4 Ne7 12.O-O-O h6 13.f5 Bxc3 14.Bxc3 exf5 15.gxf5 Qxf5
16.e6 Qxe6 17.Qg2 Nbc6 18.Rde1 Qg6 19.Qh3 O-O 20.Rhg1 Qf5 21.Qg3 Ng6 22.Bd2 Rae8
23.Ref1 Qh5 24.h4 Re4 25.Qxc7 Nxd4 26.Nxd4 Rxd4 27.Bc3 Rc4 28.Qd7 d4 29.Bxd4 Qxh4
30.Bc3 Qe4 31.Qxa7 Ra4 32.Qc7 Rxa2 33.Kb1 Raa8 34.Qxb6 Rfd8 35.Bxg7 Qd5 36.b3 Kxg7
37.Qf6+ Kh7 38.Qxf7+ Qxf7 39.Rxf7+ Kg8 40.Rf6 Kh7 41.Rgxg6 Rd1+ 42.Kb2 Rh1
43.Rg2 h5 44.Rgg6 Rg8 45.Rxg8 Kxg8 46.b4 Kg7 47.Rf3 h4 48.b5 Rg1 49.b6 Rg3
50.Rf4 Rg6 51.Rb4 h3 52.b7 h2 53.b8=Q h1=Q 54.Rb7+ Kf6 55.Qf8+ Ke5 56.Rb5+  1-0

[Event "CUB-ch"]
[Site "?"]
[Date "1993.??.??"]
[Round "7"]
[White "Leyva, Ricardo"]
[Black "Pecorelli Garcia, Humberto"]
[Result "1/2-1/2"]
[WhiteElo "2285"]
[BlackElo "2405"]

1.e4 e6 2.d4 d5 3.Nc3 Bb4 4.e5 Ne7 5.a3 Bxc3+ 6.bxc3 c5 7.h4 Qc7 8.Nf3 b6
9.h5 h6 10.Bb5+ Bd7 11.Bd3 Nbc6 12.O-O O-O 13.Be3 c4 14.Be2 f6 15.exf6 Rxf6
16.Nh4 Nd8 17.g3 Nb7 18.Ng2 Nd6 19.Bf4 Ba4 20.Bg4 Qd7 21.Be5 Rf7 22.Nf4 Nef5
23.Bxd6 Qxd6 24.Re1 Re8 25.Re5 Rf6 26.Qe2 Bd7 27.Re1 Qxa3 28.Nxd5 Rff8 29.Nc7 Rc8
30.Nxe6 Bxe6 31.Rxe6 Qxc3 32.Qe5 Nxd4 33.Re7 Nf3+ 34.Bxf3 Qxe5 35.R1xe5 Rxf3
36.Rxa7 Rf7 37.Ree7 Rxe7 38.Rxe7 Rd8 39.Rb7 Rd2 40.Rxb6 Rxc2 41.Rb7  1/2-1/2

[Event "Cuxhaven op"]
[Site "Cuxhaven"]
[Date "1993.??.??"]
[Round "2"]
[White "Voekler, Bernd"]
[Black "Eingorn, Vereslav S"]
[Result "1/2-1/2"]
[WhiteElo "2335"]
[BlackElo "2580"]

1.e4 e6 2.d4 d5 3.Nc3 Bb4 4.e5 Ne7 5.a3 Bxc3+ 6.bxc3 c5 7.Qg4 Qc7 8.Qxg7 Rg8
9.Qxh7 cxd4 10.Ne2 Nbc6 11.f4 dxc3 12.Qd3 d4 13.Ng3 Bd7 14.Be2 Nf5 15.Ne4 Rxg2
16.Bf3 Rg6 17.Rb1 Nxe5 18.fxe5 Qxe5 19.Kd1 Bc6 20.Re1 Qxh2 21.Ng5 Ne3+ 22.Bxe3 dxe3
23.Bxc6+ bxc6 24.Nf3 Qg2 25.Qe2 Rd8+ 26.Kc1 Rd2 27.Qxg2 Rgxg2 28.Rxe3 Rxc2+
29.Kd1 Ke7 30.Rb3  1/2-1/2

[Event "Cuxhaven op"]
[Site "Cuxhaven"]
[Date "1993.??.??"]
[Round "4"]
[White "Luther, Thomas"]
[Black "Blauert, Joerg"]
[Result "1/2-1/2"]
[WhiteElo "2480"]
[BlackElo "2400"]

1.e4 e6 2.d4 d5 3.Nc3 Bb4 4.e5 Ne7 5.a3 Bxc3+ 6.bxc3 c5 7.Qg4 Qc7 8.Qxg7 Rg8
9.Qxh7 cxd4 10.Ne2 Nbc6 11.f4 dxc3 12.Qd3 Bd7 13.Rb1 d4 14.Rg1 O-O-O 15.Nxd4 Nxd4
16.Qxd4 Bb5 17.Qxa7 Bxf1 18.Kxf1 Qc6 19.Be3 Nf5 20.Kf2 Qe4 21.Qa8+ Kc7 22.Qa5+ Kb8
23.Ba7+ Ka8 24.Be3+ Kb8 25.Ba7+ Ka8 26.Be3+ Kb8 27.Qa7+ Kc8 28.Qa8+ Kc7 29.Qa5+ Kb8
30.Qa7+ Kc8 31.Qa8+ Kc7 32.Qa5+ Kb8 33.Ba7+  1/2-1/2

[Event "DEN-chB"]
[Site "DEN"]
[Date "1993.??.??"]
[Round "4"]
[White "Mortensen, Erling"]
[Black "Andreasen, Per"]
[Result "1-0"]
[WhiteElo "2450"]
[BlackElo "2275"]

1.e4 e6 2.d4 d5 3.Nc3 Bb4 4.e5 Qd7 5.Qg4 f5 6.Qh5+ Qf7 7.Qd1 b6 8.Bd2 Bxc3
9.bxc3 Ba6 10.Bxa6 Nxa6 11.Qe2 Nb8 12.c4 c6 13.Nh3 Qd7 14.O-O Ne7 15.Bb4 O-O
16.Bxe7 Qxe7 17.Nf4 Rc8 18.Rac1 b5 19.cxb5 cxb5 20.Qxb5 Nc6 21.c3 Rab8 22.Qa4 Nxe5
23.Rfe1 Rc4 24.Qd1 Ng4 25.h3 Nf6 26.Rxe6 Qc7 27.Re5 Rxc3 28.Rxc3 Qxc3 29.Nxd5 Nxd5
30.Rxd5 Re8 31.Qh5 g6 32.Qh4 Qc7 33.g3 Qc1+ 34.Kh2 Qe1 35.Kg2 Re7 36.Qf4 Kf7
37.Re5 Qb4 38.Rxe7+ Qxe7 39.d5 Qa3 40.Qc7+ Kf6 41.Qc6+  1-0

[Event "Dortmund op-A"]
[Site "Dortmund"]
[Date "1993.??.??"]
[Round "4"]
[White "Grabert, Ralf"]
[Black "Kindermann, Stefan"]
[Result "0-1"]
[WhiteElo "2270"]
[BlackElo "2495"]

1.e4 e6 2.d4 d5 3.Nc3 Bb4 4.e5 Ne7 5.a3 Bxc3+ 6.bxc3 c5 7.Qg4 O-O 8.Bd3 f5
9.exf6 Rxf6 10.Qh5 h6 11.h4 c4 12.Bf1 Bd7 13.Nh3 Nbc6 14.Qd1 Qc7 15.f4 Raf8
16.g3 e5 17.dxe5 Nxe5 18.Be2 N5c6 19.Be3 Nf5 20.Bf2 Qa5 21.Qd2 Re8 22.Kf1 d4
23.Bxc4+ Be6 24.Qd3 Bd5 25.cxd4 Rfe6 26.Kg1 Ne3 27.Bb3 Bxb3 28.cxb3 Qd5 29.Bxe3 Rxe3
30.Qc4 Re1+ 31.Kf2 R8e2+ 32.Qxe2 Rxe2+ 33.Kxe2 Nxd4+ 34.Ke3 Nc2+ 35.Kf2 Nxa1
36.Rxa1 Qd4+  0-1

[Event "Dortmund op-A"]
[Site "Dortmund"]
[Date "1993.??.??"]
[Round "4"]
[White "Lau, Ralf"]
[Black "Maiwald, Jens Uwe"]
[Result "1-0"]
[WhiteElo "2530"]
[BlackElo "2400"]

1.e4 e6 2.d4 d5 3.Nc3 Bb4 4.e5 Ne7 5.a3 Bxc3+ 6.bxc3 c5 7.h4 Qc7 8.Nf3 Bd7
9.h5 h6 10.Bd3 Ba4 11.Ra2 Nd7 12.Bf4 c4 13.Be2 O-O-O 14.Qc1 Rh7 15.Rh3 Rdh8
16.Nh2 Qd8 17.Bg4 Qf8 18.Rf3 Nb6 19.Bd2 Qe8 20.g3 Nc6 21.Qd1 Nd7 22.Re3 b6
23.Nf3 Kb7 24.Nh4 g5 25.hxg6 fxg6 26.Be2 Ne7 27.Ng2 Rf8 28.Rf3 g5 29.Rxf8 Qxf8
30.Bh5 Nb8 31.Ne3 Be8 32.Qf3 Qxf3 33.Bxf3 Kc8 34.Ke2 h5 35.g4 h4 36.Nf1 Rg7
37.Nh2 Nbc6 38.Bg2 Nd8 39.Nf3 Nf7 40.Ng1 Ng8 41.Nh3 Ngh6 42.Bf3 Ba4 43.Be3 Kd8
44.Kd2 Ke7 45.Ra1 Rg8 46.Rh1 Bd7 47.Bd1 Be8 48.Rg1 Kd7 49.f3 Rg7 50.Ke1 Rg8
51.Kf2 Rg7 52.Bc1 Rg8 53.Kg2 Rg7 54.Kh2 Ng8 55.Rg2 Ke7 56.Rf2 b5 57.Be2 a6
58.Rf1 Kd7 59.Bd2 Ke7 60.Be1 Rh7 61.f4 gxf4 62.Nxf4 Ng5 63.Nh5 Bxh5 64.gxh5 Ne4
65.Bxh4+ Ke8 66.Bg4 Rh6 67.Kg2 Ne7 68.Be1 Nc8 69.Rf4 Ne7 70.Kf3 a5 71.Ke3 Nc8
72.Bd2 Ke7 73.Rf3 Nb6 74.Ke2 Rh7 75.Be1 Na4 76.Re3 Kd7 77.Kf3 Nb6 78.Kg2 Nc8
79.Bh4 Ne7 80.Rf3 Nc6 81.Kh3 b4 82.axb4 axb4 83.cxb4 Nxd4 84.Ra3 Rh6 85.Ra7+ Kc6
86.c3 Nb5 87.Ra6+ Kd7 88.Rxe6 Rxh5 89.Rb6+  1-0

[Event "Dresden op"]
[Site "Dresden"]
[Date "1993.??.??"]
[Round "?"]
[White "Lau, Ralf"]
[Black "Blauert, Joerg"]
[Result "1-0"]
[WhiteElo "2530"]
[BlackElo "2395"]

1.e4 e6 2.d4 d5 3.Nc3 Bb4 4.e5 Ne7 5.a3 Bxc3+ 6.bxc3 c5 7.h4 Qa5 8.Bd2 Nbc6
9.Nf3 Bd7 10.h5 O-O-O 11.h6 gxh6 12.Rxh6 Rdg8 13.Rh3 Qa4 14.Qb1 Rg6 15.Qb3 Na5
16.Qxa4 Bxa4 17.Bg5 Ng8 18.Bd3 Rg7 19.O-O-O Nc4 20.dxc5 Bd7 21.Rdh1 h6 22.g3 Nxa3
23.Bf6 Nxf6 24.exf6 Rgg8 25.Rxh6 Rxh6 26.Rxh6 Be8 27.Rh7 Nc4 28.Bxc4 dxc4
29.Ne5 Rf8 30.g4 b6 31.cxb6 axb6 32.g5  1-0

[Event "Eger op"]
[Site "Eger"]
[Date "1993.??.??"]
[Round "9"]
[White "Toth, Andras"]
[Black "Paal, Attila"]
[Result "0-1"]
[WhiteElo "2075"]
[BlackElo "2205"]

1.e4 e6 2.d4 d5 3.Nc3 Bb4 4.e5 Ne7 5.a3 Bxc3+ 6.bxc3 c5 7.Qg4 cxd4 8.cxd4 Qc7
9.Bd2 Qxc2 10.Qxg7 Rg8 11.Qh6 Nbc6 12.Nf3 Qb2 13.Rc1 Nxd4 14.Bc3 Nxf3+ 15.gxf3 Qxa3
16.Be2 Bd7 17.Bd2 Rc8 18.Rxc8+ Bxc8 19.f4 Qa1+ 20.Bd1 Qb1 21.f3 Bd7 22.Kf2 Qd3
23.Bc1 Qd4+ 24.Ke1 Rg2  0-1

[Event "ESP-ch"]
[Site "?"]
[Date "1993.??.??"]
[Round "1"]
[White "Mellado Trivino, Juan"]
[Black "Del Rio de Angeles, Gabriel"]
[Result "1-0"]
[WhiteElo "2415"]
[BlackElo "2255"]

1.e4 e6 2.d4 d5 3.Nc3 Bb4 4.e5 Ne7 5.Bd2 c5 6.a3 Bxc3 7.Bxc3 cxd4 8.Qxd4 Nbc6
9.Qg4 Nf5 10.Nf3 Qb6 11.Bd3 d4 12.Bd2 Nfe7 13.O-O-O Bd7 14.Bb4 h5 15.Qg5 a5
16.Bxe7 Nxe7 17.Be4 Bc6 18.Rxd4 Bxe4 19.Rxe4 Qxf2 20.Rd1 Rc8 21.Rd2 Qf1+
22.Re1 Qc4 23.Qxg7 Rg8 24.Qh7 Qa2 25.c3 b5 26.Qb1 Qc4 27.Re4 Qc5 28.Qd3 b4
29.axb4 axb4 30.Rxb4 Qxb4 31.Qd7+ Kf8 32.Qxc8+ Nxc8 33.cxb4 Ke7 34.Nd4 Kd7
35.Kc2 Nb6 36.g3 Nd5 37.Kb3 Rg4 38.Kc4 Ne3+ 39.Kc5 Kc7 40.Nb5+  1-0

[Event "Eupen op"]
[Site "Eupen"]
[Date "1993.??.??"]
[Round "2"]
[White "Golubev, Mihail"]
[Black "Woll, Wilfried"]
[Result "0-1"]
[WhiteElo "2495"]
[BlackElo "2135"]

1.e4 e6 2.d4 d5 3.Nc3 Bb4 4.e5 Ne7 5.a3 Bxc3+ 6.bxc3 c5 7.Nf3 Qa5 8.Bd2 c4
9.g3 h6 10.Bg2 Nbc6 11.a4 Bd7 12.O-O O-O-O 13.Qc1 g5 14.h3 Rdg8 15.Nh2 h5
16.Ra3 g4 17.hxg4 hxg4 18.Qd1 Rxh2 19.Kxh2 Rh8+ 20.Kg1 Rg8 21.f3 gxf3 22.Rxf3 Nf5
23.Kf2 Qb6 24.Bf4 f6 25.exf6 e5 26.a5 Qb2 27.Bc1 Qb1 28.a6 e4 29.Rxf5 Bxf5
30.Qd2 Rf8 31.Qg5 Qxc2+ 32.Bd2 Bd7 33.Ra1 Rxf6+ 34.Qxf6 Qxd2+ 35.Kg1 Qxc3
36.Qf8+ Kc7 37.Qf4+ Kb6 38.Rb1+ Kxa6 39.Qc7 Qxd4+ 40.Kh2 Qh8+ 41.Kg1 Bc8
42.g4 Qd8 43.Ra1+ Kb5 44.Rb1+ Ka4 45.Qg7 Nb4 46.Qa1+ Kb5 47.Qxa7 Qd6 48.Qa8 Qb6+
49.Kh2 Bxg4 50.Qa3 Qc5  0-1

[Event "Eupen op"]
[Site "Eupen"]
[Date "1993.??.??"]
[Round "4"]
[White "Mainka, Romuald"]
[Black "Woll, Wilfried"]
[Result "1-0"]
[WhiteElo "2515"]
[BlackElo "2135"]

1.e4 e6 2.d4 d5 3.Nc3 Bb4 4.e5 Ne7 5.a3 Bxc3+ 6.bxc3 c5 7.h4 Bd7 8.h5 h6
9.Qg4 Rg8 10.Bd3 Qa5 11.Bd2 Nf5 12.Ne2 Nc6 13.Qf3 c4 14.Bxf5 exf5 15.Nf4 Be6
16.a4 O-O-O 17.Ke2 Rd7 18.Rhb1 a6 19.Bc1 Qd8 20.Ba3 Qh4 21.Bd6 Rgd8 22.Rb6 Rxd6
23.exd6 Rxd6 24.Rab1 Rd7 25.Kd2 Nd8 26.Qe3 Re7 27.g3 Qf6 28.Re1 Rd7 29.Qf3 Nc6
30.Qe3 Kc7 31.Reb1 Kc8 32.Qe1 Re7 33.Qc1 Nxd4 34.cxd4 Qxd4+ 35.Ke2 Bd7+ 36.Kf1 Qe4
37.Kg1 Bxa4 38.Qa3 Bc6 39.Qb4 g5 40.Rxc6+  1-0

[Event "Farum op (Women)"]
[Site "Farum"]
[Date "1993.??.??"]
[Round "2"]
[White "Erenska Radzewska, Hanna"]
[Black "Grinfeld, Alla B"]
[Result "1/2-1/2"]
[WhiteElo "2210"]
[BlackElo "2245"]

1.e4 e6 2.d4 d5 3.Nc3 Bb4 4.e5 Ne7 5.a3 Bxc3+ 6.bxc3 b6 7.Qg4 Ng6 8.h4 h5
9.Qg3 Ba6 10.Bxa6 Nxa6 11.Qd3 Nb8 12.Bg5 Qd7 13.a4 Nc6 14.Ne2 Na5 15.O-O Ne7
16.Nc1 Nc4 17.Ra2 Nf5 18.Nb3 a5 19.g3 Rc8 20.Re1 c5 21.Qd1 Qc7 22.Kh2 Kd7
23.Nc1 Qc6 24.Nb3 Qc7 25.Nc1 Qc6  1/2-1/2

[Event "Farum op"]
[Site "Farum"]
[Date "1993.??.??"]
[Round "7"]
[White "Sylvan, Jacob"]
[Black "Antonsen, Mikkel"]
[Result "0-1"]
[WhiteElo "2100"]
[BlackElo "2385"]

1.e4 e6 2.d4 d5 3.Nc3 Bb4 4.e5 Ne7 5.Qg4 c5 6.Qxg7 Rg8 7.Qxh7 cxd4 8.a3 Qa5
9.Rb1 dxc3 10.axb4 Qa2  0-1

[Event "FIN-ch"]
[Site "FIN"]
[Date "1993.??.??"]
[Round "?"]
[White "Pulkkinen, Kari"]
[Black "Raaste, Eero J"]
[Result "1-0"]
[WhiteElo "2265"]
[BlackElo "2345"]

1.e4 e6 2.d4 d5 3.Nc3 Bb4 4.e5 Qd7 5.a3 Bf8 6.Nf3 b6 7.Bb5 c6 8.Ba4 Ba6 9.Ne2 Ne7
10.c3 Nf5 11.O-O Be7 12.Re1 Bb5 13.Bc2 g6 14.Nf4 c5 15.dxc5 bxc5 16.Bxf5 gxf5
17.Nh5 h6 18.Be3 Qc6 19.a4 Ba6 20.b4 cxb4 21.cxb4 Bxb4 22.Nf6+ Kf8 23.Nd4 Qc8
24.Bd2 Bxd2 25.Qxd2 Qc5 26.Rab1 Qe7 27.Rxb8+  1-0

[Event "FIN-ch"]
[Site "FIN"]
[Date "1993.??.??"]
[Round "?"]
[White "Sammalvuo, Tapani"]
[Black "Raaste, Eero J"]
[Result "1/2-1/2"]
[WhiteElo "2280"]
[BlackElo "2345"]

1.e4 e6 2.d4 d5 3.Nc3 Bb4 4.e5 Qd7 5.Qg4 Bf8 6.Nf3 b6 7.h4 h5 8.Qf4 Ba6 9.Bxa6 Nxa6
10.O-O Nh6 11.Ne2 Be7 12.Ng3 g6 13.Qd2 c5 14.Qe2 Nb4 15.Bg5 Bxg5 16.hxg5 Ng8
17.dxc5 h4 18.Qd2 hxg3 19.Qxb4 bxc5 20.Qxc5 Rc8 21.Qd6 Ne7 22.fxg3 Nf5 23.Qxd7+ Kxd7
24.Ne1 Nxg3 25.Rxf7+ Kc6 26.Rf3 Rh1+ 27.Kf2 Ne4+ 28.Ke2 Rch8 29.Rc1 R8h4
30.c4 d4 31.Nd3 Rxc1 32.Nxc1 Rg4 33.Rd3 Nc5 34.Kf3 Nxd3 35.Nxd3 Rh4 36.Nf4 d3
37.Nxd3 Rxc4 38.b3 Rd4 39.Ke3 Rg4 40.Kf3 Rd4 41.Ke3  1/2-1/2

[Event "FIN-chT"]
[Site "FIN"]
[Date "1993.??.??"]
[Round "?"]
[White "Raaste, Eero J"]
[Black "Karner, Hillar"]
[Result "1-0"]
[WhiteElo "2345"]
[BlackElo "2325"]

1.e4 e6 2.d4 d5 3.Nc3 Bb4 4.e5 b6 5.a3 Bf8 6.Bb5+ Bd7 7.Bd3 c5 8.f4 Nc6 9.Nf3 Nxd4
10.Nxd4 cxd4 11.Ne2 Qh4+ 12.g3 Qh3 13.Nxd4 Qg2 14.Qf3 Qxf3 15.Nxf3 Ne7 16.Bd2 Nc6
17.O-O-O Be7 18.g4 O-O 19.g5 a5 20.Rde1 Rfb8 21.Be3 b5 22.Nd2 b4 23.a4 Nd8
24.b3 Nb7 25.Nf3 Nc5 26.Bxc5 Bxc5 27.Kd2 Rc8 28.Re2 Bb6 29.h4 Rc3 30.h5 Bc8
31.g6 fxg6 32.hxg6 h6 33.f5 exf5 34.e6 f4 35.Re5 Be3+ 36.Kd1 Bb7 37.Rhh5 Re8
38.Rhf5 Bc8 39.Bb5 Rxe6 40.Rxe6 Bxe6 41.Re5 Bf7 42.Be8 Bxg6 43.Bxg6 Rc8 44.Rxd5 Bb6
45.Ne5 Bc7 46.Nc6 Rf8 47.Ne7+ Kh8 48.Ke2 f3+ 49.Kf1 Bd8 50.Nf5 h5 51.Nd4 Bf6
52.Rxh5+ Kg8 53.Nxf3 Bd8 54.Rf5 Rxf5 55.Bxf5 Kf7 56.Ke2 Ke7 57.Kd3 Kd6 58.Kc4 g5
59.Kb5 Kd5 60.Nd2 Ke5 61.Bc8 Kd4 62.Nc4 Kc3 63.Bf5 g4 64.Bxg4 Kxc2 65.Nxa5 Kc3
66.Be6  1-0

[Event "Forli op"]
[Site "Forli"]
[Date "1993.??.??"]
[Round "5"]
[White "De Gregorio, Massimiliano"]
[Black "Turci, Stefano"]
[Result "1/2-1/2"]
[WhiteElo "2070"]
[BlackElo "2230"]

1.e4 e6 2.d4 d5 3.Nc3 Bb4 4.e5 b6 5.Bb5+ c6 6.Ba4 Ba6 7.Bd2 Bf8 8.Nce2 Bb5
9.Bxb5 cxb5 10.f4 h5 11.f5 exf5 12.Nf3 Nc6 13.O-O Be7 14.e6 fxe6 15.Nf4 Qd7
16.Qe2 O-O-O 17.Ng6 Rh7 18.Qxb5 Bf6 19.c3 Nge7 20.Nge5 Bxe5 21.dxe5 Rhh8
22.a4 Na5 23.Qa6+ Kb8 24.Bg5 Rc8 25.b4 Nb3 26.Ra3 Rxc3 27.Rb1 Nc5 28.bxc5 Rxa3
29.a5 Nc8 30.cxb6 axb6 31.Nd4 Qb7 32.Qb5 Ka8 33.Nxe6 Rxa5 34.Qb3 Re8 35.Nd8 Qc7
36.Rc1 Qxc1+ 37.Bxc1 Rxd8 38.Bb2 d4 39.e6 d3 40.e7 Nxe7 41.Qxb6 Rad5 42.Be5 R5d7
43.Bc7 Rxc7 44.Qxc7 Rd5 45.Qxe7 d2 46.Qa3+ Kb7 47.Qb3+ Kc6 48.Qd1 Kd6  1/2-1/2

[Event "Forli op"]
[Site "Forli"]
[Date "1993.??.??"]
[Round "8"]
[White "Leoncini, Mario"]
[Black "Turci, Stefano"]
[Result "1/2-1/2"]
[WhiteElo "2250"]
[BlackElo "2230"]

1.e4 e6 2.d4 d5 3.Nc3 Bb4 4.e5 b6 5.a3 Bf8 6.Nf3 a5 7.Bb5+ c6 8.Ba4 Ba6 9.Ne2 Qc7
10.c3 Ne7 11.O-O Nd7 12.Re1 h6 13.Nf4 g6 14.Be3 Bg7 15.Bc2 c5 16.Qd2 Rc8
17.Rac1 Qb7 18.b4 axb4 19.axb4 cxb4 20.cxb4 Bc4 21.Rb1 b5 22.Nd3  1/2-1/2

[Event "FRA"]
[Site "FRA"]
[Date "1993.??.??"]
[Round "?"]
[White "Santo Roman, Marc"]
[Black "Luce, Sebastien"]
[Result "1-0"]
[WhiteElo "2410"]
[BlackElo "2360"]

1.e4 e6 2.d4 d5 3.Nc3 Bb4 4.e5 Qd7 5.a3 Bxc3+ 6.bxc3 b6 7.Bd3 Ba6 8.Qg4 g6
9.a4 c5 10.Nf3 c4 11.Be2 Nc6 12.h4 h5 13.Qg3 O-O-O 14.Bg5 Rf8 15.Qf4 Bb7
16.O-O Na5 17.Rfe1 Bc6 18.Qc1 Kb7 19.Qa3 Rb8 20.Nh2 Ka8 21.Nf3 Qe8 22.Bf1 Rb7
23.g3 Rb8 24.Bh3 Nb7 25.Qb4 Qf8 26.Nd2 Re8 27.Bg2 Na5 28.Nb1 Ne7 29.Na3 Nc8
30.Nb5 Kb8 31.Reb1 Qxb4 32.cxb4 Nb7 33.Nc3 Kc7 34.Re1 Ne7 35.Ne2 a6 36.c3 Nd8
37.Nf4 Bb7 38.Bf3 Rhg8 39.Ra2 Nf5 40.Rd2 Bc6 41.Bd1 Bd7 42.Kg2 Nc6 43.Bc2 Nfxd4
44.Rxd4 Nxd4 45.cxd4 Kb7 46.Ne2 c3 47.Rc1 Rc8 48.Bb3 c2 49.Rxc2 Rxc2 50.Bxc2 Rc8
51.Bb3 Ra8 52.Nc3 Kc7 53.Kf3 Bc6 54.Bf6 Kd7 55.Kf4 Ke8 56.f3 Kf8 57.g4 Rc8
58.Na2 Be8 59.Ke3 Bd7 60.Kd2 Be8 61.Nc3 Bd7 62.Bg5 Be8 63.Kd3 Bd7 64.Ne2 Be8
65.Ng3 Ra8 66.gxh5 gxh5 67.Nxh5 f5 68.Nf4 Bf7 69.Bf6 Kg8 70.Nh3 b5 71.a5 Rc8
72.Kd2 Kf8 73.Nf4 Kg8 74.Nd3 Kh7 75.Nc5 Ra8 76.Ke3 Kg6 77.Bc2 Kh5 78.Bd3 Kg6
79.Kd2 Kh7 80.Kc3 Kg8 81.Kb3 Kf8 82.f4 Ra7  1-0

[Event "FRA"]
[Site "FRA"]
[Date "1993.??.??"]
[Round "?"]
[White "Santo Roman, Marc"]
[Black "Seret, Jean Luc"]
[Result "1/2-1/2"]
[WhiteElo "2410"]
[BlackElo "2440"]

1.e4 e6 2.d4 d5 3.Nc3 Bb4 4.e5 b6 5.a3 Bf8 6.Bb5+ Bd7 7.Bd3 c5 8.Qg4 Nc6
9.Nf3 Nge7 10.O-O Nxd4 11.Nxd4 cxd4 12.Nb5 Ng6 13.Re1 Qb8 14.h4 a6 15.Nd6+ Bxd6
16.exd6 Rg8 17.h5 Nf8 18.h6 Ng6 19.hxg7 Qxd6 20.Qxd4 O-O-O 21.Bg5 Rde8 22.Bxa6+ Kb8
23.Bc4 Qc5 24.Rad1 Bc6 25.Bb3 Qxd4 26.Rxd4 Rxg7 27.Rb4 Kc7 28.c4 d4 29.Bf6 Rgg8
30.Bxd4 Nh4 31.Be5+ Kb7 32.Bg3 Nxg2 33.Rd1 f5 34.c5 b5 35.Kf1 Ne3+ 36.fxe3 Rxg3
37.a4 Ka6 38.Rd6 Ka5 39.Rh4 bxa4 40.Rxc6 axb3 41.Rxh7 Kb5 42.Rhc7 Rxe3 43.Rb6+ Kc4
44.c6 Kc5 45.Rcb7 Rc8 46.c7 Rxc7 47.Rxe6 Rxe6 48.Rxc7+ Rc6 49.Rd7 Rd6 50.Rc7+ Rc6
51.Rd7 Kc4 52.Rd8 Rc7 53.Kf2 Rh7 54.Kg2 Rh4 55.Rc8+ Kd3 56.Rc3+ Ke2 57.Rxb3 f4
58.Rc3 Rg4+ 59.Kh3 Rg1 60.Rc2+ Kd3 61.Rc3+ Kd4 62.Kh2 Rb1 63.Rb3 Ke4 64.Kg2 Rd1
65.Kf2 Rd2+ 66.Kf1 Kf5 67.Kg1 Kg4 68.Kf1 Rc2 69.Rc3 Rxb2 70.Ra3  1/2-1/2

[Event "FRA"]
[Site "FRA"]
[Date "1993.??.??"]
[Round "?"]
[White "Santo Roman, Marc"]
[Black "Vesin, Jean Robert"]
[Result "1-0"]
[WhiteElo "2410"]
[BlackElo "2295"]

1.e4 e6 2.d4 d5 3.Nc3 Bb4 4.e5 Qd7 5.a3 Bxc3+ 6.bxc3 b6 7.Bd3 Ba6 8.Qg4 f5
9.exf6 Nxf6 10.Qh3 Bxd3 11.cxd3 Qc6 12.Bd2 Nbd7 13.Nf3 O-O 14.O-O Qd6 15.Rfe1 Rae8
16.Ne5 c5 17.Bf4 Ne4 18.Ng6 Rxf4 19.Nxf4 cxd4 20.cxd4 Qxf4 21.dxe4 dxe4 22.Rac1 Nf6
23.Rc8 Ng4 24.Rxe8+ Kf7 25.Qg3 Qxg3 26.hxg3 Kxe8 27.Rxe4 Nf6 28.Rxe6+ Kd7
29.Re5 h6 30.f3 Kd6 31.Kf2  1-0

[Event "BL2-N9293"]
[Site "Germany"]
[Date "1993.??.??"]
[Round "?"]
[White "Jacoby, Florian"]
[Black "Lieb, Harald"]
[Result "0-1"]
[WhiteElo "2220"]
[BlackElo "2300"]

1.e4 e6 2.d4 d5 3.Nc3 Bb4 4.e5 Qd7 5.a3 Bxc3+ 6.bxc3 b6 7.Qg4 f5 8.Qg3 Ba6
9.Bxa6 Nxa6 10.Ne2 Nb8 11.Nf4 Nc6 12.Nxe6 Qxe6 13.Qxg7 Qg6 14.Qxh8 O-O-O
15.Be3 Rd7 16.c4 f4 17.cxd5 Rxd5 18.O-O-O fxe3 19.fxe3 Kb7 20.Rhf1 Qg5 21.Rf4 Rd7
22.g4 Rg7 23.h4 Qe7 24.e6 Qxa3+ 25.Kd2 Qe7 26.Rdf1 Rg6 27.d5 Qd6 28.c4 Ne5
29.Ke2 Ne7 30.Rf8 Nxc4 31.Rb8+ Ka6 32.Qe8 Qa3 33.Ra1 Qxa1 34.Qxe7 Qb2+ 35.Kf3 Rf6+  0-1

[Event "BL2-N9293"]
[Site "Germany"]
[Date "1993.??.??"]
[Round "?"]
[White "Roth, Josef"]
[Black "Bornemann, Wolfram"]
[Result "0-1"]
[WhiteElo "2210"]
[BlackElo "2290"]

1.e4 e6 2.d4 d5 3.Nc3 Bb4 4.e5 b6 5.Bd2 Qd7 6.Bb5 c6 7.Ba4 Ba6 8.Nce2 Bf8
9.Nh3 Ne7 10.O-O g6 11.Bg5 Bg7 12.Qd2 h6 13.Bf4 Qc7 14.Rfe1 Nd7 15.c3 Bxe2
16.Qxe2 O-O 17.Bc2 c5 18.Rac1 Rac8 19.Qe3 Kh7 20.f3 cxd4 21.cxd4 Qb7 22.Nf2 Rc4
23.Bd3 Rxc1 24.Rxc1 Rc8 25.Rxc8 Qxc8 26.h4 Nf8 27.g4 Qc6 28.Nd1 b5 29.Nc3 a6
30.Ne2 Qb6 31.Kg2 Nc6 32.h5 Qa7 33.Ng3 Qxd4 34.Qd2 Nd7 35.hxg6+ fxg6 36.Bxg6+ Kxg6
37.Qc2+ Kf7 38.Qxc6 Nxe5 39.Qc7+ Kg8 40.Bxe5 Qxe5 41.Qc8+ Kh7 42.Qc2+ Kg8
43.Qc8+ Kf7 44.Qb7+ Kg6 45.Qxa6 Qxb2+ 46.Kh3 Qf6 47.Qa3 Qc3 48.Qe7 Qxf3 49.Qxe6+ Kh7
50.Qc6 Qd3 51.Kh4 Qd2 52.Kh3 b4 53.Qd7 Qd3 54.Kh4 Qc2 55.Kh3 Qd3 56.Kh4 Qf3
57.Nf5 Qh1+ 58.Kg3 Qe1+ 59.Kh3 Qc3+ 60.Kg2 Qd2+ 61.Kh3 Qc3+ 62.Kg2 Qe5 63.Nxg7 Qxg7
64.Qxd5 Qxg4+ 65.Kf1 Qf4+ 66.Ke2 Kg6 67.Qg8+ Kh5 68.Qd5+ Kh4 69.Qh1+ Kg3
70.Qg1+ Kh3 71.Qa7 h5 72.Kd3 h4 73.Kc2 Kg2 74.Qb7+ Kg1 75.Kb3 Kf2 76.Qh7 Kg2
77.Ka4 Qc4 78.Qg6+ Kf2 79.Qf6+ Ke2 80.Qe5+ Kd2 81.Qg5+ Kc2 82.Ka5 Kb1 83.Kb6 Kxa2
84.Qg2+ Kb3 85.Qf3+ Qc3 86.Qf7+ Ka3 87.Qf1 h3 88.Kb7 Ka2 89.Qe2+ Ka3 90.Qa6+ Kb2
91.Qe2+ Qc2 92.Qe5+ Ka2 93.Qa5+ Kb1 94.Qe5 h2 95.Qe1+ Ka2  0-1

[Event "BL2-N9293"]
[Site "Germany"]
[Date "1993.??.??"]
[Round "?"]
[White "Brustkern, Juergen"]
[Black "Blauert, Joerg"]
[Result "0-1"]
[WhiteElo "2235"]
[BlackElo "2395"]

1.e4 e6 2.d4 d5 3.Nc3 Bb4 4.e5 Ne7 5.a3 Bxc3+ 6.bxc3 c5 7.Nf3 Qa5 8.Bd2 Nbc6
9.Be2 cxd4 10.cxd4 Qa4 11.Bc3 b6 12.Qb1 Ba6 13.Qb3 Qxb3 14.cxb3 Bxe2 15.Kxe2 f6
16.exf6 gxf6 17.Rhe1 Kd7 18.Kf1 Ng6 19.g3 Rae8 20.b4 b5 21.Nd2 e5 22.Nb3 Kd6
23.Rec1 Rb8 24.Bb2 Rhc8 25.Rc5 Nf8 26.Rd1 Ne7 27.Rdc1 Ne6 28.Re1 e4 29.Rxc8 Rxc8
30.Nc5 Ng5 31.Rc1 Rc7 32.Rc2 Nf3 33.Bc1 Ng6 34.h4 Nxd4 35.Rd2 Nf3 36.Nxe4+ Ke5
37.Bb2+ Kxe4 38.Re2+ Kf5  0-1

[Event "BL2-N9293"]
[Site "Germany"]
[Date "1993.??.??"]
[Round "?"]
[White "Brustkern, Juergen"]
[Black "Stolz, Mike"]
[Result "1/2-1/2"]
[WhiteElo "2245"]
[BlackElo "2375"]

1.e4 e6 2.d4 d5 3.Nc3 Bb4 4.e5 Ne7 5.a3 Bxc3+ 6.bxc3 c5 7.Nf3 Bd7 8.Bd3 c4
9.Bf1 Ba4 10.g3 Nbc6 11.Bh3 h6 12.O-O Nf5 13.Ne1 g6 14.f4 h5 15.Nf3 Kd7 16.Ng5 Qg8  1/2-1/2

[Event "BL2-O9293"]
[Site "Germany"]
[Date "1993.??.??"]
[Round "?"]
[White "Spiess, Gunter"]
[Black "Lang, Jens"]
[Result "1/2-1/2"]
[WhiteElo "2350"]
[BlackElo "2310"]

1.e4 e6 2.d4 d5 3.Nc3 Bb4 4.e5 Ne7 5.a3 Bxc3+ 6.bxc3 c5 7.Qg4 Qc7 8.Bd3 Nd7
9.Qxg7 Rg8 10.Qxh7 cxd4 11.Ne2 dxc3 12.Bf4 Nxe5 13.O-O Bd7 14.Bg3 O-O-O 15.Rfe1 N7c6
16.Nxc3 f6 17.Nb5 Qb8 18.Nc3 Qd6 19.Qh6 Rdf8 20.Ne2 Qc5 21.Qd2 Rg4 22.Nf4 Rfg8
23.Be2 R4g5 24.Nd3 Qd4 25.c3 Qb6 26.Rab1 Qa5 27.Nxe5 fxe5 28.Qb2 b6 29.Bb5 Kb7
30.c4 dxc4 31.Bxc4 Nd4 32.Bd3 Bc6 33.Be4 Bd5 34.Qb4 Qxb4 35.axb4 b5 36.h4 Bxe4
37.Rxe4 Rf5 38.Rbe1 Nc6 39.Bxe5 Nxe5 40.Rxe5 Rg4 41.R1e4 Rxh4 42.Rxe6 Rxe4
43.Rxe4 a5 44.Re7+ Ka8 45.bxa5 b4 46.Re3 Rxa5 47.Rb3 Rb5 48.Kf1 Kb7 49.Ke2 Kc6
50.Kd3 Kd5 51.Rb1 Rb8 52.Rh1 b3 53.Kc3 b2 54.Rb1 Rg8 55.g3 Ke4 56.Rxb2 Kf3
57.Kd4 Re8 58.Kd5 Re7 59.Kd4 Re8 60.Kd5 Re7 61.Kd6 Re8 62.Kd7 Re5 63.Ra2 Re4
64.Kd6 Re8 65.Kd5 Re7 66.Ra8 Kxf2 67.Rg8 Kf3  1/2-1/2

[Event "GER CupT"]
[Site "Germany"]
[Date "1993.??.??"]
[Round "?"]
[White "Scherer, Helmut"]
[Black "Jussupow, Artur"]
[Result "0-1"]
[WhiteElo "2295"]
[BlackElo "2645"]

1.e4 e6 2.d4 d5 3.Nc3 Bb4 4.e5 Ne7 5.Bd2 b6 6.Nf3 h6 7.h4 Bxc3 8.bxc3 Ba6
9.Bd3 c5 10.h5 Qc7 11.Nh4 Bxd3 12.cxd3 Nd7 13.Rh3 c4 14.Rg3 Rg8 15.Bc1 cxd3
16.Qxd3 Rc8 17.Ba3 Qc4 18.f4 Qxd3 19.Rxd3 g5 20.hxg6 fxg6 21.Nf3 g5 22.fxg5 hxg5
23.g4 Ng6 24.Bc1 Nf4 25.Bxf4 gxf4 26.g5 Nf8 27.Kf2 Rh8 28.Rg1 Kf7 29.Rg4 Ng6
30.Ne1 Rh2+ 31.Rg2 Rh4 32.Rf3 Kg7 33.Ke2 Rc4 34.Rgf2 Ra4 35.Kd3 Rg4 36.Rg2 Rh4
37.Rgf2 Rg4 38.Ng2 Rg3 39.Rxg3 fxg3 40.Rc2 b5 41.Ke3 Ra3 42.Kf3 b4 43.Kxg3 Rxc3+
44.Rxc3 bxc3 45.Ne1 Ne7 46.Kf3 Nc6 47.Nc2 Kg6 48.Ke3 Kxg5 49.Kd3 Kf4 50.a3 a6
51.Na1 Na5 52.Nc2 Nc4 53.Kxc3 Ke4 54.a4 a5 55.Na1 Nb6 56.Nb3 Nxa4+ 57.Kd2 Nb6
58.Kc3 Nc4 59.Nc5+ Kf5 60.Na4 Ne3 61.Nc5 Nf1 62.Nb7 Ng3 63.Kd3 a4 64.Kc3 Ne2+
65.Kd3 a3 66.Nc5 a2  0-1